000 00766nam a2200265Ia 4500
003 GCL
008 140319s9999 xx 000 0 ara d
040 _aGCL /
_cGCL
082 0 4 _a189.1
_bا ن
100 1 _aالبير نصرى نادر
245 1 0 _aالنفس البشرية عند ابن سينا /
_cالبير نصرى نادر
260 _a[S.N] :
_bدار المشرق
300 _a116 ص
490 _a
650 0 4 _aالفلسفة الاسلامية
650 0 4 _aالفلسفة
650 0 4 _aعلم النفس
650 0 4 _aالفلاسفة المسلمون
650 0 4 _aالروح
650 0 4 _aالفلاسفة
650 0 4 _aالادراك
650 0 4 _aالفلاسفة العرب
650 0 4 _aابن سينا
942 _2ddc
_cBK
999 _c28196
_d28196